Guess The Video Game Character, Picture Quiz - Platformers - Statistics

General Stats
  • This quiz has been taken 54 times
  • The average score is 12 of 28
Answer Stats
Picture Answer % Correct
Mario
100%
Sonic
98%
Donkey Kong
90%
Crash Bandicoot
82%
Pac-Man
80%
Yoshi
78%
Kirby
72%
Mega Man
64%
Rayman
64%
Spyro
64%
Ratchet
56%
Astro Bot
46%
Banjo
46%
Sackboy
46%
Meat Boy
40%
Sly Cooper
30%
Earthworm Jim
28%
Conker
26%
Gex
24%
Shantae
22%
Bubsy
16%
Croc
16%
Kao
14%
Klonoa
10%
Ty
10%
Blinx
6%
Jazz
6%
Zool
4%
No matching quizzes found
Score Distribution
Percent of People with Each Score
Percentile by Number Answered
Your Score History
You have not taken this quiz